Vysoké Tatry - Hohe Tatra Nový Smokovec : Sanator. Palace

Bibliographic Details
Format: Postcard
Language:Slovak
PhysicalDescription:1 pohľadnica kolorovaná 9 x 14 cm
Published: B. Bystrica Ľudové kníhkupectvo a naklad. pohľadníc [s.a.]
Subjects:

MARC

LEADER 00000nkm a2200000 a 4500
001 vtls010861146
003 SK-MaSNL
005 20260512123342.0
007 kp co
008 231214n xo g 00 kuslo
015 |a SNBG 
035 |a C9143BC9-4AF9-4061-9F73-DF4103D03EDD 
035 |a urn:nbn:sk:snk-kmy09h 
035 |a urn:nbn:sk:snk-km007c23 
040 |a SNK  |b slo  |c SNK  |e AACR2 
041 0 |a slo 
043 |a e-xo--- 
044 |a xo  |c SK 
080 |a 908(437.6)  |2 2001 
080 |a (084.121)  |2 2001 
080 |a (234.372.4)  |2 2008 
245 0 0 |a Vysoké Tatry - Hohe Tatra  |h grafika  |b Nový Smokovec : Sanator. Palace 
260 |a B. Bystrica  |b Ľudové kníhkupectvo a naklad. pohľadníc  |c [s.a.] 
300 |a 1 pohľadnica  |b kolorovaná  |c 9 x 14 cm 
651 7 |a Vysoké Tatry (Poľsko a Slovensko : pohorie)  |2 SNKPHgeo  |9 67729 
651 7 |a Slovensko  |2 SNKPH  |9 14231 
651 7 |a Nový Smokovec (Vysoké Tatry, Slovensko)  |2 SNKPH  |9 160830 
655 7 |a miestne pohľadnice  |2 SNKPH  |9 70510 
752 |a Slovensko  |d Banská Bystrica 
852 |a Slovenská národná knižnica 
958 |a GC 
958 |a GBN 
958 |a OND 
999 |c 756539  |d 758469 
952 |a SNK  |b SNK  |y PREZ  |7 0  |p 17A1164000  |o snkSP 4099  |0 0  |1 0  |4 0  |d 2015-08-17  |f 1  |l 0  |r 2026-02-23 23:51:31  |w 2026-02-23